000 00884nam a2200301 i 4500
001 000021447
003 DO-SdBNP
005 20240530073928.0
007 ta
008 100908s2011 dr 000 f spa d
020 _z9993420123
040 _aDO-SdBNP
_bspa
_cBNPHU
_erda
082 4 _aRD863.44
_bL789p, 2011
_222
100 1 _aLizardo Lasocé, Luis Francisco,
_d1942-
_944742
242 _a-
245 1 0 _aPalma Sola :
_bla tragedia de un pueblo /
_cLuis Francisco Lizardo Lasocé.
250 _a8va. edición
264 _aSanto Domingo :
_bManatí,
_c2011
300 _a102 paginas. ;
_c21 cm.
336 _2rdacontent
_atexto
_btxt
337 _2rdamedia
_asin mediación
_bn
338 _2rdacarrier
_avolumen
_bnc
590 _aInventariado, 2023 / DG
650 0 _aNovela dominicana
_9223
650 0 _aLiteratura dominicana.
_967
910 _aDG
942 _2ddc
_cLBS1
999 _c54670
_d54670